|
|
|
|
| LEADER |
00000nam a2200000 a 4500 |
| 001 |
vtls001451555 |
| 003 |
SK-MaSNL |
| 005 |
20260301203137.0 |
| 008 |
251113sm y0 au r 0 ger |
| 020 |
|
|
|a 3209036470
|
| 020 |
|
|
|a 3215712229
|
| 035 |
|
|
|a SNK000406859
|
| 040 |
|
|
|a SNK
|b slo
|c SNK
|e AACR2
|
| 044 |
|
|
|a au
|c AT
|
| 080 |
|
|
|a 328.13:354(436)"1848/1867"(093)
|2 1981
|
| 245 |
1 |
4 |
|a Die Protokolle des österreichischen Ministerrates 1848-1867
|c bearbeitet und eingeleitet von Thomas Kletečka
|n II. Abteilung
|p Das Ministerium Schwarzenberg
|n Band 1, 5. Dezember 1848 - 7. Jänner 1850
|
| 260 |
|
|
|a Wien
|b öbv und hpt
|c c2002
|
| 300 |
|
|
|a lxviii, 1096 s.
|c 24 cm
|
| 490 |
1 |
|
|a Die Ministerratsprotokolle Österreichs und der österreichisch-ungarischen Monarchie 1848-1918
|
| 610 |
0 |
7 |
|a Rakúsko.
|b Ministerská rada
|y 1848-1867
|x protokoly
|2 SNK
|9 64449
|
| 700 |
1 |
|
|a Kletečka, Thomas
|4 zos
|9 355884
|
| 830 |
|
0 |
|a Die Ministerratsprotokolle Österreichs und der österreichisch-ungarischen Monarchie 1848-1918
|9 355886
|
| 919 |
|
|
|a 3-209-03647-0
|
| 919 |
|
|
|a 3-215-71222-9
|
| 999 |
|
|
|c 901513
|d 903443
|
| 952 |
|
|
|t P60, <04>, [BOOK], {604}
|a SNK
|b SNK
|y VYP
|7 0
|p 17A0378919
|o snkIC 63792/2/1
|i snkV 676/2003
|0 0
|1 0
|4 0
|d 2003-04-08
|l 0
|r 2005-01-02 00:00:00
|w 2026-02-24
|